[Event "Niedersachsen-ch U18"]
[Site "Rotenburg/Wuemme"]
[Date "2007.04.03"]
[Round "4"]
[White "Soellig, Robert Valentin"]
[Black "Ruetjeroth, Jonas"]
[Result "1/2-1/2"]
[WhiteElo "1547"]
[BlackElo "1417"]
[PlyCount "80"]
[EventDate "2007.03.31"]
[EventType "swiss"]
[EventRounds "9"]
[EventCountry "GER"]
[SourceTitle "EXT 2008"]
[Source "ChessBase"]
[SourceDate "2007.11.25"]
[SourceVersion "1"]
[SourceVersionDate "2007.11.25"]
[SourceQuality "1"]

1. e4 e6 2. d3 d5 3. Nd2 c5 4. Ngf3 Nf6 5. g3 Nc6 6. Bg2 b6 7. 0-0 Be7 8. Re1 0-0 9. Nf1 Bb7 10. e5 Nd7 11. h4 Qc7 12. Bf4 Rfe8 13. N1h2 Nf8 14. h5 h6 15. Ng4 Nh7 16. Qd2 Qd8 17. a3 Ng5 18. Kf1 Nxf3 19. Bxf3 Bg5 20. Bxg5 Qxg5 21. Qxg5 hxg5 22. c3 Rab8 23. Ke2 d4 24. c4 Ne7 25. Bxb7 Rxb7 26. Rh1 Nf5 27. h6 Nxh6 28. Rxh6 gxh6 29. Nf6+ Kf8 30. Nxe8 Kxe8 31. Rh1 Kf8 32. Rxh6 Kg7 33. Rh5 f6 34. exf6+ Kxf6 35. a4 Kg6 36. Rh8 Re7 37. g4 a5 38. f3 Rh7 39. Rxh7 Kxh7 40. Kd2 e5 1/2-1/2

[Event "Niedersachsen-ch U18"]
[Site "Rotenburg/Wuemme"]
[Date "2007.04.01"]
[Round "2"]
[White "Ruetjeroth, Jonas"]
[Black "Reusch, Julian"]
[Result "1/2-1/2"]
[WhiteElo "1417"]
[BlackElo "1884"]
[PlyCount "130"]
[EventDate "2007.03.31"]
[EventType "swiss"]
[EventRounds "9"]
[EventCountry "GER"]
[SourceTitle "EXT 2008"]
[Source "ChessBase"]
[SourceDate "2007.11.25"]
[SourceVersion "1"]
[SourceVersionDate "2007.11.25"]
[SourceQuality "1"]

1. e4 d5 2. exd5 Qxd5 3. Nc3 Qa5 4. Bc4 Nf6 5. d3 Bg4 6. Nge2 Nc6 7. Bd2 Ne5 8. Bb3 c6 9. f3 Bh5 10. Ng3 Bg6 11. Nge4 e6 12. Qe2 Nxe4 13. Nxe4 Qa6 14. a3 0-0-0 15. Be3 Bb4+ 16. Kf2 Be7 17. d4 Ng4+ 18. fxg4 Qxe2+ 19. Kxe2 Bxe4 20. Rhf1 Bg6 21. c3 h5 22. gxh5 Rxh5 23. h3 Rb5 24. Bd1 Rxb2+ 25. Kf3 Rd5 26. g4 Rh2 27. Kg3 Bd6+ 28. Bf4 Bxf4+ 29. Rxf4 Rd2 30. Rf3 Rb5 31. Rf2 Rxf2 32. Kxf2 Rb2+ 33. Kg3 Rd2 34. Rc1 f6 35. a4 e5 36. dxe5 fxe5 37. g5 Bf5 38. Bg4 Bxg4 39. Kxg4 Ra2 40. Kf5 Rxa4 41. Kxe5 Kd7 42. Kf5 Ke7 43. Kg6 Rh4 44. Rf1 Rxh3 45. Rf7+ Kd6 46. Rxb7 Rxc3 47. Rxa7 Rg3 48. Rxg7 Ke6 49. Rc7 Kd6 50. Rf7 c5 51. Rf5 Re3 52. Kf7 Re7+ 53. Kf6 Re6+ 54. Kf7 Re7+ 55. Kf8 Re6 56. Kg7 c4 57. g6 c3 58. Rf1 Kd5 59. Kh7 Kc4 60. g7 Re7 61. Kg6 Rxg7+ 62. Kxg7 c2 63. Kf6 Kb3 64. Ke5 Kb2 65. Rf2 Kb1 1/2-1/2